000
00325nam a22001337a 4500
008
171012b xxu||||| |||| 00| 0 eng d
020
_a
0871500558
041
_a
eng
080
_a
316
100
_a
50
101
_a
SOC
245
_a
FUNDAMENTAL STATISTICS FOR HUMAN SERVICES AND SOCIAL WORK
_c
KRISHEF,C,H
942
_2
udc
_c
BK
999
_c
33504
_d
33504